000 01338nam a2200229Ia 4500
999 _c52202
_d52202
001 19210
003 GE_BSU
005 20220920124050.0
008 181216s2008||||ge |||||||||||||| ||geo||
040 _cGE_BSU
041 _ageo
080 _a93 თ-862
100 _aთურმანიძე, მირანდა
_910417
245 _aმძივ სამკაული სამხრეთ - დასავლეთ საქართველოდან :
_b(არქეოლოგიური მასალების მიხედვით) დისერტაცია /
_cმირანდა თურმანიძე; სამეცნიერო ხელმძღვანელი დ. კაჭარავა; ბათუმის შოთა რუსთაველის სახელმწიფო უნივერსიტეტი.
264 _aბათუმი,
_b
_c2008.
300 _a147 გვ.
_b30 სმ.
653 _aდისერტაცია
653 _aისტორია
653 _aმძივ სამკაული სამხრეთ-დასავლეთ საქართველოდან
700 _aკაჭარავა, დ.
_eსამეცნიერო ხელმძღვანელი
_910418
942 _cBK
_2udc